[Event "Hamburg-chA"]
[Site "Hamburg"]
[Date "2018.05.25"]
[Round "5"]
[White "Stepien, Tomasz"]
[Black "Priess, Holger"]
[Result "0-1"]
[WhiteElo "1578"]
[BlackElo "1663"]
[PlyCount "42"]
[EventDate "2018.05.19"]
[EventType "swiss"]
[EventRounds "7"]
[EventCountry "GER"]
[SourceTitle "EXT 2020"]
[Source "ChessBase"]
[SourceDate "2019.10.17"]
[SourceVersion "1"]
[SourceVersionDate "2019.10.17"]
[SourceQuality "1"]

1. d4 d5 2. c4 e6 3. Nc3 Nf6 4. Bg5 Be7 5. e3 b6 6. cxd5 Nxd5 7. Bxe7 Qxe7 8. Rc1 0-0 9. a3 Bb7 10. Be2 Nxc3 11. Rxc3 Bxg2 12. Bf3 Bxh1 13. Bxh1 c6 14. Bxc6 Nxc6 15. Rxc6 Rac8 16. d5 Qg5 17. Kf1 Qxd5 18. Qxd5 exd5 19. Rc3 Rxc3 20. bxc3 Rc8 21. Ne2 Rc4 0-1

[Event "Lueneburg op-A"]
[Site "Lueneburg"]
[Date "2016.07.06"]
[Round "7"]
[White "Priess, Holger"]
[Black "Schulz, Gerhard1111"]
[Result "1-0"]
[WhiteElo "1571"]
[BlackElo "1874"]
[PlyCount "73"]
[EventDate "2016.07.01"]
[EventType "swiss"]
[EventRounds "9"]
[EventCountry "GER"]
[SourceTitle "CBM 173 Extra"]
[Source "ChessBase"]
[SourceDate "2016.08.29"]
[SourceVersion "1"]
[SourceVersionDate "2016.08.29"]
[SourceQuality "1"]

1. e4 e6 2. Nc3 d5 3. exd5 exd5 4. d4 Nf6 5. Nf3 Bg4 6. Be2 Be7 7. h3 Bh5 8. Ne5 Bxe2 9. Qxe2 c6 10. 0-0 0-0 11. Re1 Re8 12. Bf4 Nbd7 13. Qf3 Nxe5 14. dxe5 Nd7 15. Qg4 Nf8 16. Ne2 Ne6 17. Bh6 Bg5 18. Bxg5 Qxg5 19. Qxg5 Nxg5 20. f4 Ne4 21. Nd4 c5 22. Nb5 Re7 23. c4 f5 24. cxd5 a6 25. d6 axb5 26. dxe7 Kf7 27. g4 g6 28. a3 Kxe7 29. Rad1 Rd8 30. Rxd8 Kxd8 31. gxf5 gxf5 32. Re3 c4 33. Kg2 Ke7 34. Re2 Ke6 35. Kf3 h5 36. Rxe4 fxe4+ 37. Kxe4 1-0

[Event "Hamburg HSK Christmas op 1st"]
[Site "Hamburg"]
[Date "2015.12.28"]
[Round "5"]
[White "Priess, Holger"]
[Black "Juergens, Helmut"]
[Result "1-0"]
[WhiteElo "1548"]
[BlackElo "1678"]
[PlyCount "77"]
[EventDate "2015.12.27"]
[EventType "swiss"]
[EventRounds "7"]
[EventCountry "GER"]
[SourceTitle "EXT 2022"]
[Source "ChessBase"]
[SourceDate "2021.10.06"]
[SourceVersion "1"]
[SourceVersionDate "2021.10.06"]
[SourceQuality "1"]

1. e4 e5 2. Nf3 Nc6 3. Nc3 Nf6 4. Bb5 Bc5 5. 0-0 d6 6. Bxc6+ bxc6 7. d4 exd4 8. Nxd4 Bd7 9. Bg5 h6 10. Bh4 0-0 11. Re1 Re8 12. Qd3 g5 13. Bg3 Ng4 14. h3 Ne5 15. Bxe5 Rxe5 16. Nce2 Qf6 17. c3 Rae8 18. Ng3 Qg6 19. b4 Bb6 20. a4 c5 21. Nf3 c4 22. Nxe5 Rxe5 23. Qxc4 Qf6 24. Qe2 c5 25. a5 Bc7 26. b5 Be6 27. c4 Qg6 28. Rec1 Kh7 29. f3 f5 30. Qb2 fxe4 31. Nxe4 Qf5 32. b6 axb6 33. axb6 Bb8 34. Ra8 Qf4 35. Qd2 Rxe4 36. Qxf4 Rxf4 37. Rxb8 Rxc4 38. b7 Rd4 39. Rd8 1-0

[Event "Hamburg HSK Christmas op 1st"]
[Site "Hamburg"]
[Date "2015.12.27"]
[Round "2"]
[White "Priess, Holger"]
[Black "Becker, Thomas3333"]
[Result "0-1"]
[WhiteElo "1548"]
[BlackElo "1944"]
[PlyCount "124"]
[EventDate "2015.12.27"]
[EventType "swiss"]
[EventRounds "7"]
[EventCountry "GER"]
[SourceTitle "EXT 2022"]
[Source "ChessBase"]
[SourceDate "2021.10.06"]
[SourceVersion "1"]
[SourceVersionDate "2021.10.06"]
[SourceQuality "1"]

1. e4 c5 2. Nc3 Nc6 3. Nf3 g6 4. Bb5 Bg7 5. Bxc6 bxc6 6. d3 d6 7. h3 e5 8. 0-0 Ne7 9. Bg5 h6 10. Bxe7 Qxe7 11. Ne2 0-0 12. c3 Ba6 13. c4 Bc8 14. Ng3 Be6 15. Nh2 Rab8 16. b3 h5 17. Qf3 h4 18. Ne2 f5 19. exf5 Bxf5 20. Qe3 Qe6 21. Rad1 Kh7 22. Nf3 Qf6 23. Qg5 Qxg5 24. Nxg5+ Kh6 25. Ne4 Rfd8 26. Kh2 g5 27. g4 Bxe4 28. dxe4 Rb7 29. Rd3 Kg6 30. Rf3 Rf7 31. Rf5 d5 32. cxd5 cxd5 33. Rxf7 Kxf7 34. exd5 Rxd5 35. Nc3 Rd2 36. Ne4 Rxa2 37. Nxg5+ Ke7 38. Ne4 Ke6 39. Nxc5+ Kd5 40. Nd3 Rd2 41. Nc1 e4 42. Kg2 Bh6 43. Re1 Rb2 44. Ne2 Rxb3 45. Rd1+ Kc5 46. Nd4 Rd3 47. Ne6+ Kd6 48. Re1 Kxe6 49. Rxe4+ Kf7 50. Ra4 Rd7 51. f4 Bf8 52. g5 Bc5 53. Kf3 Rd4 54. Ra6 Bb6 55. Kg4 Kg6 56. Ra3 a5 57. Rf3 Bc7 58. Kxh4 Rxf4+ 59. Rxf4 Bxf4 60. Kg4 Bxg5 61. h4 Bxh4 62. Kxh4 a4 0-1

[Event "Hamburg-ch A-Klasse"]
[Site "Hamburg"]
[Date "2015.05.25"]
[Round "3"]
[White "Priess, Holger"]
[Black "Reiner, Oliver"]
[Result "0-1"]
[WhiteElo "1553"]
[BlackElo "1623"]
[PlyCount "110"]
[EventDate "2015.05.23"]
[EventType "swiss"]
[EventRounds "7"]
[EventCountry "GER"]
[SourceTitle "EXT 2022"]
[Source "ChessBase"]
[SourceDate "2021.10.06"]
[SourceVersion "1"]
[SourceVersionDate "2021.10.06"]
[SourceQuality "1"]

1. e4 e5 2. Nf3 Nc6 3. Nc3 Nf6 4. Bc4 Nxe4 5. Bxf7+ Kxf7 6. Nxe4 d5 7. Nfg5+ Kg6 8. Qf3 Bf5 9. Qg3 Qd7 10. Nf3+ Kf7 11. Neg5+ Kg8 12. 0-0 Bd6 13. Nh4 Bxc2 14. Qc3 Nd4 15. Re1 Qg4 16. Nhf3 Nxf3+ 17. Nxf3 e4 18. Nd4 Bd3 19. b3 Qh5 20. g3 a5 21. Ne6 Be5 22. Nd4 b6 23. Qc6 Rf8 24. Qxd5+ Qf7 25. Qxf7+ Kxf7 26. Bb2 c5 27. f3 cxd4 28. fxe4 Ke6 29. Rac1 Rc8 30. Rxc8 Rxc8 31. a4 Rc2 32. Bc1 Bd6 33. Kf2 Ke5 34. Kf3 h5 35. Rg1 g5 36. h3 Bxe4+ 37. Ke2 d3+ 38. Kd1 Bf3+ 39. Ke1 Rxc1+ 40. Kf2 Bc5+ 41. Kxf3 Rxg1 42. b4 Bxb4 43. g4 h4 44. Ke3 Rh1 45. Kxd3 Rxh3+ 46. Kc4 Bxd2 47. Kb5 Rb3+ 48. Kc4 Rb4+ 49. Kd3 Bf4 50. Kc3 Rxa4 51. Kb3 Rb4+ 52. Ka2 h3 53. Ka3 h2 54. Ka2 h1Q 55. Ka3 Qa1# 0-1

[Event "Hamburg-ch A-Klasse"]
[Site "Hamburg"]
[Date "2013.05.26"]
[Round "9"]
[White "Frackowiak, Stanislaw"]
[Black "Priess, Holger"]
[Result "0-1"]
[WhiteElo "1644"]
[BlackElo "1414"]
[PlyCount "96"]
[EventDate "2013.05.18"]
[EventType "swiss"]
[EventRounds "9"]
[EventCountry "GER"]
[SourceTitle "EXT 2022"]
[Source "ChessBase"]
[SourceDate "2021.10.06"]
[SourceVersion "1"]
[SourceVersionDate "2021.10.06"]
[SourceQuality "1"]

1. d4 Nf6 2. c4 e6 3. Nc3 Bb4 4. Qc2 Bxc3+ 5. bxc3 b6 6. e4 Bb7 7. Bd3 c5 8. d5 e5 9. Nf3 d6 10. Bg5 h6 11. Bh4 Nbd7 12. 0-0 Qc8 13. Nd2 0-0 14. f4 Ng4 15. Rae1 exf4 16. h3 Ne3 17. Qc1 Nxf1 18. Rxf1 Ne5 19. Be2 Ng6 20. Be1 f5 21. Bh5 Ne5 22. Rxf4 Nd3 23. Qd1 Nxf4 24. exf5 Rxf5 25. Bg4 Qf8 26. Bxf5 Qxf5 27. Qf3 Rf8 28. Ne4 Nxh3+ 29. Qxh3 Qf1+ 30. Kh2 Qxe1 31. Qe6+ Kh8 32. Qxd6 Re8 33. Ng3 Qe5 34. Qd7 Ba6 35. Qxa7 Bxc4 36. Qxb6 Qxd5 37. a4 Qd3 38. Qxc5 Qxc3 39. a5 Qd3 40. a6 Bxa6 41. Qc6 Rd8 42. Qe6 Bb7 43. Qf7 Qd5 44. Qf2 Ra8 45. Nf1 Ra2 46. Qf8+ Kh7 47. Ne3 Rxg2+ 48. Kh3 Qh5# 0-1

[Event "Hamburg-ch A-Klasse"]
[Site "Hamburg"]
[Date "2013.05.25"]
[Round "8"]
[White "Priess, Holger"]
[Black "Chyzynski, David"]
[Result "0-1"]
[WhiteElo "1414"]
[BlackElo "1471"]
[PlyCount "96"]
[EventDate "2013.05.18"]
[EventType "swiss"]
[EventRounds "9"]
[EventCountry "GER"]
[SourceTitle "EXT 2022"]
[Source "ChessBase"]
[SourceDate "2021.10.06"]
[SourceVersion "1"]
[SourceVersionDate "2021.10.06"]
[SourceQuality "1"]

1. e4 d5 2. exd5 Qxd5 3. Nf3 Nf6 4. d3 c6 5. h3 Bf5 6. Nc3 Qa5 7. Bd2 Qc7 8. Qe2 e6 9. 0-0-0 Nbd7 10. g4 Bg6 11. g5 Nd5 12. Bg2 Nf4 13. Bxf4 Qxf4+ 14. Qe3 Qxe3+ 15. fxe3 0-0-0 16. a3 Be7 17. h4 Bh5 18. Rde1 h6 19. Ne4 Nc5 20. Nxc5 Bxc5 21. gxh6 Rxh6 22. Ne5 f6 23. Nc4 Rdh8 24. Bh3 Bf7 25. d4 Be7 26. Reg1 g5 27. hxg5 Rxh3 28. Rxh3 Rxh3 29. gxf6 Bf8 30. Ne5 Bh6 31. Kb1 Bxe3 32. Rg7 Rh1+ 33. Ka2 Bxd4 34. Nxf7 Bxf6 35. Nd6+ Kd8 36. Rxb7 Rd1 37. Nf7+ Ke8 38. Rxa7 e5 39. Nh6 Bg5 40. Nf5 Bf4 41. Rc7 Kd8 42. Rxc6 e4 43. Rc4 Re1 44. a4 Kd7 45. a5 Ke6 46. Nd4+ Kd5 47. b3 Be5 48. Nf5 Ra1# 0-1

[Event "Hamburg-ch A-Klasse"]
[Site "Hamburg"]
[Date "2013.05.22"]
[Round "5"]
[White "Priess, Holger"]
[Black "Kazemi Sresht, Rahim"]
[Result "0-1"]
[WhiteElo "1414"]
[BlackElo "1505"]
[PlyCount "80"]
[EventDate "2013.05.18"]
[EventType "swiss"]
[EventRounds "9"]
[EventCountry "GER"]
[SourceTitle "EXT 2022"]
[Source "ChessBase"]
[SourceDate "2021.10.06"]
[SourceVersion "1"]
[SourceVersionDate "2021.10.06"]
[SourceQuality "1"]

1. d4 d5 2. c4 dxc4 3. Nc3 Nc6 4. e3 Nf6 5. Bxc4 e6 6. a3 Be7 7. Nf3 0-0 8. 0-0 a6 9. b4 b5 10. Bd3 Bb7 11. Qc2 h6 12. Bb2 Rc8 13. Rad1 Kh8 14. Ne4 Nxe4 15. Bxe4 Nxb4 16. axb4 Bxe4 17. Qxe4 Bxb4 18. d5 Qe7 19. Ne5 Bd6 20. Ng4 f5 21. Qxe6 Qxe6 22. dxe6 fxg4 23. f4 gxf3 24. Rxf3 Rxf3 25. gxf3 Re8 26. e4 Rxe6 27. h4 c5 28. h5 c4 29. Rd5 b4 30. e5 Be7 31. f4 c3 32. Bc1 b3 33. Rd3 Rc6 34. Kf2 b2 35. Bxb2 cxb2 36. Rb3 Bc5+ 37. Kf3 Rb6 38. Rxb6 Bxb6 39. e6 b1Q 40. e7 Qe1 0-1